007630000a220008500045001000032000002450050000323000038000825200499001207730058006191 aRodríguez de Brito, Jacil10aEl apóstol Pablo y la Tradición farisaica aNum. 40 (2001), Páginas 19 - 33 aEl artículo apunta a la semejanza existente entre las reflexiones del Apóstol Pablo y la de los sabios de la comunidad farisea, de la cual él proviene. Esas reflexiones hablan respecto a las realidades esenciales de las narraciones escriturísticas y riquezas de la tradición, acumuladas a lo largo de los siglos. Para ello, es necesario abordar la manera de ser de los fariseos, de leer e interpretar las Escrituras, actualizándolas y sacando de ellas las enseñanzas para la vida.0 tRevista de Interpretación Bíblica Latinoamericana